000
00253nam a2200109Ia 4500
008
240625s9999 xx 000 0 und d
041
_a
eng
082
_a
005.4 MIC
100
_a
MICROSOFT
245
_a
MICROSOFT PROJECT PROFESSIONAL 2010
260
_c
2010
999
_c
34812
_d
34812